新宿駅から乗り換えなしで行ける駅サドンデス - Statistics

General Stats
  • This quiz has been taken 2,143 times
  • The average score is 4 of 20
Answers on the Grid
Answers color-coded by a green-red scale on the quiz's grid according to % correct below.
足柄(神奈川県)
いずみ野
大井町
かしわ台
川越市
川崎
さいたま新都心
相模大塚
白丸
新高徳
新栃木
新前橋
新横浜
西武立川
高井戸
地下鉄成増
月島
豊科
成田
西大宮
沼津
根府川
練馬
はるひ野
東秋留
東逗子
東戸塚
東飯能
平山城址公園
福生
方南町
本千葉
南浦和
南与野
南林間
谷村町
湯河原
葭池温泉前
四街道
竜王
 
Answer Stats
Answer % Correct
大井町
52%
かしわ台
31%
竜王
28%
方南町
26%
相模大塚
24%
新前橋
21%
西大宮
21%
東戸塚
21%
成田
20%
南与野
19%
平山城址公園
17%
福生
17%
練馬
15%
月島
12%
南林間
11%
はるひ野
10%
四街道
10%
豊科
9%
谷村町
9%
葭池温泉前
9%
No matching quizzes found
Score Distribution
Percent of People with Each Score
Percentile by Number Answered
Your Score History
You have not taken this quiz